Football Teams by Stadium Name #5 TOP5 Leagues - Statistics

General Stats
  • This quiz has been taken 50 times
    14 since last reset
  • The average score is 9 of 12
Answer Stats
Stadium Football Club(s) % Correct
London Stadium West Ham
100%
Volkswagen Arena Wolfsburg
100%
Deutsche Bank Park Eintracht Frankfurt
77%
Stadio Artemio Franchi Fiorentina
77%
Bluenergy Stadium (Stadio Friuli) Udinese
77%
Vitality Stadium AFC Bournemouth
69%
Cívitas Metropolitano Atlético Madrid
69%
Amex Stadium Brighton & Hove Albion
69%
Groupama Stadium Lyon
69%
Stade Pierre Mauroy OSC Lille
62%
Wohninvest Weserstadion Werder Bremen
46%
Abanca Balaídos Celta de Vigo
38%
No matching quizzes found
Score Distribution
Percent of People with Each Score
Percentile by Number Answered
Your Score History
You have not taken this quiz since the last reset